000 00309nam a22001217a 4500
008 160421b xxu||||| |||| 00| 0 eng d
020 _a9780323025935
020 _a139780323025935
041 _aeng
080 _a618.2
245 _aEssentials of pediatric nursing ;
_cMarilyn J. Hockenberry;
942 _2udc
_cBK
999 _c1486
_d1486